Normal view
MARC view
- Planning
Entry Topical Term
001 - CONTROL NUMBER
- control field: 42789
003 - CONTROL NUMBER IDENTIFIER
- control field: OSt
005 - DATE AND TIME OF LATEST TRANSACTION
- control field: 20210120153653.0
008 - FIXED-LENGTH DATA ELEMENTS
- fixed length control field: 210120|| aca||aabn | a|a d
040 ## - CATALOGING SOURCE
- Original cataloging agency: OSt
- Transcribing agency: OSt
150 ## - HEADING--TOPICAL TERM
- Topical term or geographic name entry element: Planning
- General subdivision: Retirement.
670 ## - SOURCE DATA FOUND
- Source citation: Work cat.: (OSt): Geller, Sheldon M. 42788, 401(k) plan design trends and insights/, ©2015.
